| 000 | 00900nam a22002417a 4500 | ||
|---|---|---|---|
| 008 | 081008t xxu||||| |||| 00| 0 eng d | ||
| 010 | _aENG-91223 | ||
| 020 |
_a9788184550498 _c695.00 |
||
| 035 | _aEN-74756 | ||
| 037 | _bDBAD / PUB | ||
| 040 |
_adpl _bEnglish |
||
| 082 | _a330.954 | ||
| 245 |
_aEconomic and social history of India / _cedited by Rajender Kumar |
||
| 260 |
_aNew Delhi _bOmega Publications _c2008 |
||
| 270 |
_a4398/5, Ansari Road, Daryaganj _bNew Delhi _e110002 |
||
| 300 |
_av, 303p. _c22cm (Hb) |
||
| 500 | _aIncludes index | ||
| 651 |
_aIndia _xEconomic conditions |
||
| 651 |
_aIndia _xSocial conditions |
||
| 700 | _aRajender Kumar | ||
| 942 |
_2ddc _cEN _mECO _h330.954 |
||
| 999 |
_c16392 _d16392 |
||